00253nam a2200109Ia 4500008004100000100001300041245003800054260001700092650001200109942000700121999001500128190216s9999||||xx |||||||||||||| ||und|| aNegi B S 0aEconomic And Commercial Geography bS Chand & Co aHistory cBK c9626d9626